[Event "Mumbai Aurionpro U14 op"]
[Site "Mumbai"]
[Date "2025.06.20"]
[Round "5"]
[White "Kumar S, Madhesh"]
[Black "Madhvendra, Pratap Sharma"]
[Result "1-0"]
[WhiteElo "2243"]
[BlackElo "2166"]
[PlyCount "119"]
[EventDate "2025.06.16"]
[EventType "swiss"]
[EventRounds "9"]
[EventCountry "IND"]
[SourceTitle "CB26_2025"]
[SourceDate "2025.06.25"]
[SourceVersion "1"]
[SourceVersionDate "2025.06.25"]
[SourceQuality "1"]

1. e4 e6 2. d4 d5 3. Nc3 Bb4 4. e5 c5 5. a3 Bxc3+ 6. bxc3 Ne7 7. Qg4 Kf8 8. h4 Qa5 9. Bd2 Qa4 10. Kd1 Nbc6 11. Nf3 b6 12. Qf4 cxd4 13. h5 h6 14. Nxd4 Nxd4 15. Qxd4 Qxd4 16. cxd4 Bd7 17. Bd3 Ba4 18. Bb4 Ke8 19. Kd2 Nc6 20. c3 Kd7 21. Rh3 Rag8 22. g4 Nd8 23. Rb1 Kc7 24. Rf3 Kd7 25. Rf4 f6 26. Bg6 fxe5 27. dxe5 Kc8 28. Bd6 Be8 29. Bxe8 Rxe8 30. c4 d4 31. c5 bxc5 32. Rb8+ Kd7 33. Bxc5 Kc6 34. Bxa7 Kc7 35. Rb2 Nc6 36. Rf7+ Re7 37. Rxe7+ Nxe7 38. Bxd4 Nd5 39. Bc5 Ra8 40. Bd6+ Kc6 41. f3 Ra7 42. Rb8 Rf7 43. Rc8+ Kb5 44. Rf8 Ra7 45. Kd3 Ka4 46. f4 Kb5 47. Rb8+ Kc6 48. Ke4 Nc3+ 49. Kf3 Kd5 50. Bb4 Na2 51. Rd8+ Kc4 52. Ke4 Nxb4 53. Rd4+ Kb5 54. axb4 Ra1 55. Rd7 Re1+ 56. Kf3 Rf1+ 57. Ke3 Kxb4 58. Rxg7 Kc5 59. Rc7+ Kd5 60. Rd7+ 1-0

[Event "New Delhi op 21st"]
[Site "New Delhi"]
[Date "2025.06.09"]
[Round "4"]
[White "Deepan Chakkravarthy, J."]
[Black "Madhvendra, Pratap Sharma"]
[Result "1-0"]
[WhiteElo "2410"]
[BlackElo "2166"]
[PlyCount "115"]
[EventDate "2025.06.07"]
[EventType "swiss"]
[EventRounds "10"]
[EventCountry "IND"]
[SourceTitle "CB26_2025"]
[SourceDate "2025.06.25"]
[SourceVersion "1"]
[SourceVersionDate "2025.06.25"]
[SourceQuality "1"]

1. e4 e6 2. Qe2 Be7 3. f4 d5 4. d3 b6 5. Nf3 Nf6 6. e5 Nfd7 7. g3 c5 8. Bg2 Na6 9. 0-0 Nc7 10. c4 Bb7 11. Nc3 0-0 12. Bd2 a6 13. g4 Ra7 14. Rae1 b5 15. cxd5 Nxd5 16. Ne4 Qc7 17. Rc1 Raa8 18. Kh1 Rac8 19. Ng3 N5b6 20. Ne4 Nd5 21. b3 Qb8 22. h4 Rce8 23. g5 f5 24. gxf6 gxf6 25. exf6 Bxf6 26. Nfg5 h6 27. Nxf6+ N7xf6 28. Nxe6 Kf7 29. f5 Rg8 30. Be4 Qg3 31. Qh2 Qxd3 32. Nxc5 Qxe4+ 33. Nxe4 Nxe4 34. Rf3 Nxd2 35. Qxd2 Re4 36. Qxh6 Ne7 37. Qh5+ Kf6 38. Qh6+ Kf7 39. Qh5+ Kf6 40. Rc7 Ba8 41. Qh6+ Kf7 42. f6 Re1+ 43. Kh2 Re2+ 44. Kh3 Bxf3 45. Rxe7+ Rxe7 46. fxe7 Bg4+ 47. Kg3 Be6+ 48. Kf2 Kxe7 49. Qh7+ Kd6 50. Qa7 Bd5 51. Qxa6+ Ke5 52. Qxb5 Rg2+ 53. Ke3 Rxa2 54. h5 Ra3 55. h6 Rxb3+ 56. Qxb3 Bxb3 57. h7 Be6 58. h8Q+ 1-0

[Event "Bengaluru Namma op 2nd"]
[Site "Bengaluru"]
[Date "2025.04.13"]
[Round "5"]
[White "Grigoryan, Karen H"]
[Black "Madhvendra, Pratap Sharma"]
[Result "1-0"]
[WhiteElo "2556"]
[BlackElo "2234"]
[PlyCount "89"]
[EventDate "2025.04.10"]
[EventType "swiss"]
[EventRounds "10"]
[EventCountry "IND"]
[SourceTitle "CB18_2025"]
[SourceDate "2025.04.30"]
[SourceVersion "1"]
[SourceVersionDate "2025.04.30"]
[SourceQuality "1"]

1. c4 e6 2. d4 d5 3. Nf3 c5 4. cxd5 exd5 5. g3 Nc6 6. Bg2 Nf6 7. Nc3 Be7 8. 0-0 0-0 9. Bg5 c4 10. Ne5 Be6 11. e3 h6 12. Bxf6 Bxf6 13. f4 Ne7 14. g4 Qd6 15. Qf3 Rad8 16. Qg3 Qb8 17. a4 Rfe8 18. Rab1 Qc7 19. b3 cxb3 20. Rxb3 Bxe5 21. fxe5 Qa5 22. Rfb1 Rd7 23. h3 Rc8 24. Qe1 Ng6 25. Nb5 Qxe1+ 26. Rxe1 Rc2 27. Reb1 a6 28. Nd6 Nh4 29. Bh1 h5 30. gxh5 Rdc7 31. Rxb7 R7c3 32. R7b3 Rxb3 33. Rxb3 Rd2 34. Rb1 Bxh3 35. Rb8+ Kh7 36. Nxf7 g6 37. Ng5+ Kh6 38. Nxh3 Rd1+ 39. Kh2 Rd2+ 40. Kg3 Nf5+ 41. Kf4 Rh2 42. hxg6 Ne7 43. Rh8+ Kxg6 44. Kg3 Rxh1 45. Nf4+ 1-0

[Event "Titled Tuesday intern op 01st Apr Early"]
[Site "Chess.com INT"]
[Date "2025.04.01"]
[Round "6"]
[White "Ashraf, Artin"]
[Black "Madhvendra, Pratap Sharma"]
[Result "1-0"]
[WhiteElo "2407"]
[BlackElo "2234"]
[PlyCount "79"]
[EventDate "2025.04.01"]
[EventType "swiss (blitz)"]
[EventRounds "11"]
[EventCountry "USA"]
[SourceTitle "CB15_2025"]
[SourceDate "2025.04.09"]
[SourceVersion "1"]
[SourceVersionDate "2025.04.09"]
[SourceQuality "1"]

1. c4 c6 2. d4 d5 3. Nf3 Nf6 4. Nc3 g6 5. g3 Bg7 6. Bg2 0-0 7. cxd5 cxd5 8. Ne5 Nc6 9. 0-0 Qb6 10. Na4 Qb5 11. Nc3 Qb6 12. Nxc6 bxc6 13. Na4 Qb5 14. b3 Nd7 15. Ba3 Ba6 16. e3 Nb6 17. Bxe7 Rfe8 18. Bc5 Nxa4 19. bxa4 Qa5 20. Re1 Rab8 21. Rb1 Bc4 22. a3 Bf8 23. Bxf8 Rxf8 24. Bf1 Rxb1 25. Qxb1 Bxf1 26. Rxf1 Qxa4 27. Rc1 h5 28. h4 Qxa3 29. Rxc6 Re8 30. Qb5 Qa1+ 31. Kg2 Re7 32. Qxd5 Kg7 33. Qd8 Qa3 34. Rc8 Kf6 35. Qh8+ Ke6 36. Rc6+ Kd5 37. Rc5+ Ke4 38. Qa8+ Kd3 39. Qf3 Qc1 40. Rxc1 1-0

[Event "Titled Tuesday intern op 01st Apr Early"]
[Site "Chess.com INT"]
[Date "2025.04.01"]
[Round "4"]
[White "Diachek, Andriy"]
[Black "Madhvendra, Pratap Sharma"]
[Result "0-1"]
[WhiteElo "2130"]
[BlackElo "2234"]
[PlyCount "90"]
[EventDate "2025.04.01"]
[EventType "swiss (blitz)"]
[EventRounds "11"]
[EventCountry "USA"]
[SourceTitle "CB15_2025"]
[SourceDate "2025.04.09"]
[SourceVersion "1"]
[SourceVersionDate "2025.04.09"]
[SourceQuality "1"]

1. c4 e5 2. Nc3 Nc6 3. Nf3 Nf6 4. g3 g6 5. Bg2 d6 6. 0-0 Bg7 7. d3 0-0 8. Rb1 Ne8 9. b4 a6 10. a4 h6 11. b5 axb5 12. axb5 Ne7 13. Bd2 f5 14. Ne1 f4 15. Nd5 Nxd5 16. Bxd5+ Kh7 17. e3 Bh3 18. Bg2 Bxg2 19. Kxg2 Qd7 20. exf4 exf4 21. Bxf4 Nf6 22. h3 Nh5 23. Be3 Rf7 24. Nc2 Ra2 25. Nb4 Ra8 26. Nd5 Ra2 27. Nb4 Ra3 28. Rb3 Ra8 29. Nd5 Raf8 30. Qg4 Qd8 31. Bd4 c6 32. bxc6 bxc6 33. Bxg7 Rxg7 34. Ne3 Qf6 35. d4 Re7 36. d5 c5 37. Nc2 Ref7 38. Ne3 Qe5 39. f4 Qg7 40. f5 Nf6 41. Qxg6+ Qxg6 42. fxg6+ Kxg6 43. Nf5 Ne4 44. Nh4+ Kg7 45. Rbf3 Nd2 0-1

[Event "Titled Tuesday intern op 01st Apr Early"]
[Site "Chess.com INT"]
[Date "2025.04.01"]
[Round "5"]
[White "Madhvendra, Pratap Sharma"]
[Black "Ermolaev, Evgeny"]
[Result "1-0"]
[WhiteElo "2234"]
[BlackElo "2282"]
[PlyCount "61"]
[EventDate "2025.04.01"]
[EventType "swiss (blitz)"]
[EventRounds "11"]
[EventCountry "USA"]
[SourceTitle "CB15_2025"]
[SourceDate "2025.04.09"]
[SourceVersion "1"]
[SourceVersionDate "2025.04.09"]
[SourceQuality "1"]

1. Nf3 Nf6 2. e3 g6 3. b3 Bg7 4. Bb2 0-0 5. c4 c5 6. d4 cxd4 7. exd4 d5 8. Be2 Nh5 9. cxd5 Nf4 10. 0-0 Qxd5 11. Nc3 Nxe2+ 12. Qxe2 Qd8 13. Ne5 Nd7 14. Rad1 Nf6 15. h3 Nd5 16. Rfe1 Be6 17. Ne4 b6 18. Qf3 Rc8 19. Ng5 Nc7 20. Nc6 Qd7 21. Ba3 Rfe8 22. Rxe6 Nxe6 23. Qxf7+ Kh8 24. Nxe6 Rg8 25. Nxe7 Rce8 26. Nxg7 Rxg7 27. Qf6 Rexe7 28. Qf8+ Rg8 29. Qxe7 Qf5 30. d5 Rf8 31. Qxf8+ 1-0

[Event "Titled Tuesday intern op 01st Apr Early"]
[Site "Chess.com INT"]
[Date "2025.04.01"]
[Round "2"]
[White "Melikhov, Evgeny V"]
[Black "Madhvendra, Pratap Sharma"]
[Result "1-0"]
[WhiteElo "2138"]
[BlackElo "2234"]
[PlyCount "57"]
[EventDate "2025.04.01"]
[EventType "swiss (blitz)"]
[EventRounds "11"]
[EventCountry "USA"]
[SourceTitle "CB15_2025"]
[SourceDate "2025.04.09"]
[SourceVersion "1"]
[SourceVersionDate "2025.04.09"]
[SourceQuality "1"]

1. d4 d5 2. c4 dxc4 3. Nf3 e6 4. e3 a6 5. a4 Nf6 6. Bxc4 c5 7. 0-0 cxd4 8. exd4 Bd6 9. Nc3 0-0 10. Bg5 h6 11. Bh4 Be7 12. Qe2 Nc6 13. Rad1 Nd5 14. Bg3 Bf6 15. Ne5 Ncb4 16. f4 Nxc3 17. bxc3 Nd5 18. Qd3 b6 19. Ba2 Bb7 20. Bb1 Re8 21. f5 exf5 22. Qxf5 Nxc3 23. Qh7+ Kf8 24. Rfe1 Bxe5 25. Bxe5 f6 26. Bg6 Qd5 27. Qh8+ Ke7 28. Qxg7+ Kd8 29. Bxf6+ 1-0

[Event "Titled Tuesday intern op 25th Feb Early"]
[Site "Chess.com INT"]
[Date "2025.02.25"]
[Round "3"]
[White "Lukachewski Junior, Wanderlei"]
[Black "Madhvendra, Pratap Sharma"]
[Result "0-1"]
[WhiteElo "2049"]
[BlackElo "2234"]
[PlyCount "68"]
[EventDate "2025.02.25"]
[EventType "swiss (blitz)"]
[EventRounds "11"]
[EventCountry "USA"]
[SourceTitle "CB10_2025"]
[SourceDate "2025.03.05"]
[SourceVersion "1"]
[SourceVersionDate "2025.03.05"]
[SourceQuality "1"]

1. d4 e6 2. c4 d5 3. Nf3 c5 4. cxd5 exd5 5. Nc3 Nc6 6. e3 Nf6 7. Bb5 Bd6 8. dxc5 Bxc5 9. 0-0 0-0 10. a3 a5 11. h3 Bf5 12. Nd4 Nxd4 13. exd4 Bd6 14. Bg5 Be7 15. Qf3 Be6 16. Rac1 h6 17. Bh4 Rc8 18. Bg3 Qb6 19. a4 Qxd4 20. Rfd1 Qb4 21. Be5 Rfd8 22. Bxf6 Bxf6 23. Nxd5 Rxc1 24. Nxf6+ gxf6 25. Rxc1 Qxb2 26. Rc7 b6 27. Qc3 Rd1+ 28. Kh2 Qxf2 29. Qg3+ Qxg3+ 30. Kxg3 Rd6 31. Kf4 Rd4+ 32. Ke3 Rb4 33. Rb7 Bb3 34. Rxb6 Bxa4 0-1

[Event "Titled Tuesday intern op 04th Feb Early"]
[Site "Chess.com INT"]
[Date "2025.02.04"]
[Round "2"]
[White "Klimchuk, Andriy"]
[Black "Madhvendra, Pratap Sharma"]
[Result "1/2-1/2"]
[WhiteElo "2405"]
[BlackElo "2234"]
[PlyCount "85"]
[EventDate "2025.02.04"]
[EventType "swiss (blitz)"]
[EventRounds "11"]
[EventCountry "USA"]
[SourceTitle "CB07_2025"]
[SourceDate "2025.02.12"]
[SourceVersion "1"]
[SourceVersionDate "2025.02.12"]
[SourceQuality "1"]

1. e4 c5 2. Nf3 g6 3. d4 cxd4 4. Nxd4 Bg7 5. Nc3 Nc6 6. Nb3 Nf6 7. Be2 0-0 8. 0-0 d6 9. Re1 Be6 10. h3 a5 11. Bb5 Nd7 12. a4 Bxb3 13. cxb3 Nd4 14. Bc4 Ne5 15. Be3 Nxc4 16. bxc4 Ne6 17. Rc1 Nc5 18. b3 Bxc3 19. Rxc3 Nxe4 20. Rd3 Nf6 21. Bg5 Ra6 22. Bxf6 exf6 23. Rd5 Qb6 24. Re7 Qc6 25. Qd4 Qb6 26. Qxb6 Rxb6 27. Rb5 Rxb5 28. cxb5 Rb8 29. b6 Kf8 30. Rc7 Re8 31. Rxb7 Re1+ 32. Kh2 Rb1 33. Rd7 Rxb3 34. Rxd6 Rb4 35. Rd5 Rxb6 36. Rxa5 Rb2 37. f3 f5 38. h4 f4 39. h5 Kg7 40. Rc5 Ra2 41. a5 f5 42. hxg6 hxg6 43. Kh3 1/2-1/2

[Event "Goa op"]
[Site "Taleigao"]
[Date "2025.01.18"]
[Round "9"]
[White "Madhvendra, Pratap Sharma"]
[Black "Neelash, Saha"]
[Result "0-1"]
[WhiteElo "2281"]
[BlackElo "2490"]
[PlyCount "152"]
[EventDate "2025.01.11"]
[EventType "swiss"]
[EventRounds "10"]
[EventCountry "IND"]
[SourceTitle "CB04_2025"]
[SourceDate "2025.01.22"]
[SourceVersion "1"]
[SourceVersionDate "2025.01.22"]
[SourceQuality "1"]

1. e4 e5 2. Nf3 Nf6 3. Nxe5 d6 4. Nf3 Nxe4 5. Nc3 Nxc3 6. dxc3 Be7 7. Be3 0-0 8. Qd2 Nd7 9. 0-0-0 Nf6 10. Bd3 Re8 11. Rde1 Bd7 12. h4 c5 13. Bg5 h6 14. Bxf6 Bxf6 15. Rxe8+ Qxe8 16. Re1 Qd8 17. Be4 Bc6 18. Qf4 d5 19. Bd3 b5 20. Ne5 Be8 21. g3 c4 22. Bf5 b4 23. cxb4 a5 24. b5 a4 25. Qd4 a3 26. b4 cxb3 27. cxb3 Bxb5 28. f4 g6 29. Bh3 Qc7+ 30. Kb1 Re8 31. h5 gxh5 32. Bf5 Re7 33. Rc1 Qd6 34. Re1 Bg7 35. Re3 h4 36. gxh4 Qf6 37. Bd3 Bxd3+ 38. Rxd3 Qxh4 39. Qxd5 Qxf4 40. Qd8+ Bf8 41. Nf3 Rc7 42. Rd2 Rc3 43. Ne1 Qe4+ 44. Nc2 Rh3 45. Rd1 Rh2 46. Qc7 Rh1 47. Qg3+ Kh7 48. Rxh1 Qxh1+ 49. Ne1 Qe4+ 50. Nd3 Bg7 51. Qh3 f5 52. Kc2 Qe2+ 53. Kb1 Qd1+ 54. Nc1 Qg4 55. Qf1 h5 56. Nd3 h4 57. Nf4 Be5 58. Nd3 Qe4 59. Qd1 Bf6 60. Qf1 f4 61. Kc2 f3 62. Kd2 Bg5+ 63. Kc3 Qe2 64. Qb1 Kh6 65. Kd4 f2 66. Ne5 Qb2+ 67. Qxb2 axb2 68. Ng4+ Kh5 69. Nxf2 b1Q 70. Ne4 Qxa2 71. b4 h3 72. b5 h2 73. b6 Qb2+ 74. Kd3 Qxb6 75. Ke2 Qe3+ 76. Kf1 h1Q# 0-1

[Event "Goa op"]
[Site "Taleigao"]
[Date "2025.01.13"]
[Round "4"]
[White "Madhvendra, Pratap Sharma"]
[Black "Fedorov, Alexei"]
[Result "0-1"]
[WhiteElo "2281"]
[BlackElo "2409"]
[PlyCount "100"]
[EventDate "2025.01.11"]
[EventType "swiss"]
[EventRounds "10"]
[EventCountry "IND"]
[SourceTitle "CB04_2025"]
[SourceDate "2025.01.22"]
[SourceVersion "1"]
[SourceVersionDate "2025.01.22"]
[SourceQuality "1"]

1. e4 c5 2. Nf3 e6 3. b3 d6 4. Bb2 e5 5. Bc4 Be7 6. Nc3 Nc6 7. h3 Nf6 8. Qe2 a6 9. a4 0-0 10. 0-0 Rb8 11. Rfe1 Bd7 12. Qd1 Nb4 13. Nb1 b5 14. axb5 axb5 15. Bf1 Nc6 16. Na3 Nd4 17. Nxd4 cxd4 18. c3 dxc3 19. dxc3 Bc6 20. Qc2 Qb6 21. Nb1 Nd7 22. Nd2 Nc5 23. Ba3 g6 24. b4 Ne6 25. Bb2 Rbc8 26. Qd3 f5 27. exf5 Rxf5 28. Qe3 Qb8 29. Qa7 Bd8 30. Qxb8 Rxb8 31. Bd3 Rf7 32. f3 Bb6+ 33. Kh1 Bf2 34. Rf1 Be3 35. Rfd1 Nf4 36. Bc2 d5 37. Nf1 Bb6 38. Re1 e4 39. fxe4 Nxg2 40. Bb3 Nxe1 41. Rxe1 Rbf8 42. Nh2 Rf2 43. Ba1 Bc7 44. exd5 Ba8 45. Ng4 Rf1+ 46. Kg2 Rxe1 47. c4 Rxa1 48. c5 Rb1 49. Bc2 Bxd5+ 50. Be4 Bxe4# 0-1

[Event "Chennai op 15th"]
[Site "Chennai"]
[Date "2025.01.07"]
[Round "8"]
[White "Aronyak, Ghosh"]
[Black "Madhvendra, Pratap Sharma"]
[Result "1-0"]
[WhiteElo "2544"]
[BlackElo "2281"]
[PlyCount "77"]
[EventDate "2025.01.02"]
[EventType "swiss"]
[EventRounds "10"]
[EventCountry "IND"]
[SourceTitle "CB03_2025"]
[SourceDate "2025.01.15"]
[SourceVersion "1"]
[SourceVersionDate "2025.01.15"]
[SourceQuality "1"]

1. d4 e6 2. c4 d5 3. Nc3 c5 4. cxd5 cxd4 5. Qa4+ Bd7 6. Qxd4 exd5 7. Qxd5 Nc6 8. Nf3 Nf6 9. Qd1 Bc5 10. a3 Qe7 11. Bg5 Bg4 12. e3 Rd8 13. Qc2 Bxf3 14. gxf3 Bb6 15. Qe4 Nxe4 16. Bxe7 Kxe7 17. fxe4 Bc5 18. Rc1 Kf8 19. Na4 Bd6 20. Nc5 Bxc5 21. Rxc5 Ke7 22. e5 Nb8 23. Bh3 Na6 24. Rc2 Rd5 25. f4 Rc5 26. Rxc5 Nxc5 27. Ke2 Na4 28. Rc1 Rb8 29. Rc7+ Kf8 30. b3 Nb6 31. Bg2 Rd8 32. Rxb7 Nd7 33. Rxa7 Nc5 34. b4 Nb3 35. Ra8 Rxa8 36. Bxa8 Nc1+ 37. Kd2 Nb3+ 38. Kc2 Na1+ 39. Kb2 1-0

[Event "IND-ch U15 49th"]
[Site "Hosur"]
[Date "2024.11.07"]
[Round "7"]
[White "Aarav, Saish Amonkar"]
[Black "Madhvendra, Pratap Sharma"]
[Result "0-1"]
[WhiteElo "1910"]
[BlackElo "2201"]
[PlyCount "188"]
[EventDate "2024.11.03"]
[EventType "swiss"]
[EventRounds "11"]
[EventCountry "IND"]
[SourceTitle "CB45_2024"]
[Source "ChessBase"]
[SourceDate "2024.11.06"]
[SourceVersion "1"]
[SourceVersionDate "2024.11.06"]
[SourceQuality "1"]

1. e4 e6 2. d4 d5 3. Bd3 c5 4. exd5 exd5 5. Nf3 Nf6 6. 0-0 c4 7. Re1+ Be7 8. Bf1 0-0 9. b3 cxb3 10. axb3 Nc6 11. c4 Bg4 12. Bb2 Bb4 13. Re3 Bh5 14. h3 Bd6 15. Nc3 Bf4 16. Re1 Qd7 17. Na4 Rfe8 18. Nc5 Qc7 19. Be2 Rad8 20. Nd3 Bg6 21. Nxf4 Qxf4 22. Bc1 Qf5 23. Be3 Ne4 24. Nh4 Qf6 25. Nxg6 Nc3 26. Qd2 Nxe2+ 27. Rxe2 Qxg6 28. c5 Re4 29. Rae1 Rde8 30. b4 a6 31. Qb2 Na7 32. f3 R4e6 33. Bf2 Nb5 34. Qd2 h6 35. Rxe6 Rxe6 36. Rxe6 Qxe6 37. Qf4 Qd7 38. Bg3 Qe8 39. Qg4 Qe3+ 40. Bf2 Qe8 41. Bg3 Qe6 42. Qf4 Kh7 43. Bf2 f6 44. h4 h5 45. Kh2 Kg6 46. Qg3+ Kh7 47. Qf4 Qf7 48. Kg1 Qd7 49. Bg3 Kg6 50. Qe3 Na7 51. Kh2 Kh7 52. Bd6 Qf7 53. Bg3 Nc6 54. Be1 Qc7+ 55. Bg3 Qf7 56. Be1 Qe7 57. Qd3+ g6 58. Bc3 f5 59. g3 f4 60. b5 axb5 61. Qxb5 Qe3 62. Qxb7+ Kh6 63. gxf4 Qf2+ 64. Kh1 Qxf3+ 65. Kg1 Qg3+ 66. Kf1 Qf3+ 67. Kg1 Qe3+ 68. Kf1 Qd3+ 69. Kg2 Qe2+ 70. Kg1 Qd1+ 71. Kg2 Qe2+ 72. Kg1 Qe3+ 73. Kg2 Qe4+ 74. Kg3 Ne7 75. Qb8 Nf5+ 76. Kf2 Qe3+ 77. Kf1 Qf3+ 78. Kg1 Qg3+ 79. Kf1 Qh3+ 80. Kg1 Qg3+ 81. Kf1 Qh3+ 82. Kg1 Qg4+ 83. Kf2 Qg3+ 84. Kf1 Qf3+ 85. Kg1 Qd1+ 86. Kf2 Qc2+ 87. Ke1 Qxc3+ 88. Kf1 Qxd4 89. c6 Ne7 90. Qd6 Nxc6 91. Qxc6 Qc4+ 92. Qxc4 dxc4 93. Ke2 Kg7 94. Ke3 Kf6 0-1

[Event "IND-ch U15 49th"]
[Site "Hosur"]
[Date "2024.11.06"]
[Round "5"]
[White "Siddhanth, Poonja"]
[Black "Madhvendra, Pratap Sharma"]
[Result "1/2-1/2"]
[WhiteElo "2006"]
[BlackElo "2201"]
[PlyCount "83"]
[EventDate "2024.11.03"]
[EventType "swiss"]
[EventRounds "11"]
[EventCountry "IND"]
[SourceTitle "CB45_2024"]
[Source "ChessBase"]
[SourceDate "2024.11.06"]
[SourceVersion "1"]
[SourceVersionDate "2024.11.06"]
[SourceQuality "1"]

1. c4 e6 2. g3 d5 3. Bg2 c5 4. Nf3 Nc6 5. 0-0 Nf6 6. cxd5 exd5 7. d4 Be7 8. dxc5 Bxc5 9. a3 0-0 10. b4 Be7 11. Nc3 Be6 12. Bb2 Ne4 13. Nxe4 dxe4 14. Nd4 Nxd4 15. Qxd4 Qxd4 16. Bxd4 Rfd8 17. e3 f5 18. g4 Rd7 19. gxf5 Bxf5 20. f3 exf3 21. Rxf3 Be6 22. Rg3 Bh4 23. Bh3 Bxh3 24. Rxh3 Be7 25. Rh5 a6 26. Rb1 g6 27. Rh3 a5 28. Rf3 axb4 29. axb4 Rc7 30. Rf2 b5 31. Rbb2 Ra4 32. Rfc2 Rxc2 33. Rxc2 Rxb4 34. Rc7 Kf8 35. Rb7 Rb1+ 36. Kg2 b4 37. Kf3 Rf1+ 38. Ke4 Rf5 39. Be5 h6 40. Rb8+ Kf7 41. Rb7 Ke6 42. Rb6+ 1/2-1/2

[Event "IND-ch U11 37th"]
[Site "Hyderabad"]
[Date "2024.10.06"]
[Round "4"]
[White "Madhvendra, Pratap Sharma"]
[Black "Amanlal, A."]
[Result "1-0"]
[WhiteElo "2154"]
[BlackElo "1722"]
[PlyCount "57"]
[EventDate "2024.10.04"]
[EventType "swiss"]
[EventRounds "11"]
[EventCountry "IND"]
[SourceTitle "CB47_2024"]
[SourceDate "2024.11.20"]
[SourceVersion "1"]
[SourceVersionDate "2024.11.20"]
[SourceQuality "1"]

1. e4 e5 2. Nf3 Nc6 3. Nc3 Nf6 4. Bb5 d6 5. d4 exd4 6. Nxd4 Bd7 7. 0-0 Be7 8. Nxc6 bxc6 9. Ba4 0-0 10. Bf4 d5 11. e5 Ne8 12. a3 g5 13. Bc1 Ng7 14. f4 f6 15. exf6 Rxf6 16. fxg5 Bc5+ 17. Kh1 Bg4 18. gxf6 Bxd1 19. Bg5 Qd6 20. Raxd1 Ne6 21. Ne4 dxe4 22. Rxd6 cxd6 23. f7+ Kg7 24. Bf6+ Kxf7 25. Bxc6 Rf8 26. Bc3+ Ke7 27. Rxf8 Kxf8 28. Bxe4 h6 29. g3 1-0

[Event "IND-ch U11 37th"]
[Site "Hyderabad"]
[Date "2024.10.05"]
[Round "3"]
[White "Pazhnay, Kaushal Kohli"]
[Black "Madhvendra, Pratap Sharma"]
[Result "0-1"]
[WhiteElo "1648"]
[BlackElo "2154"]
[PlyCount "71"]
[EventDate "2024.10.04"]
[EventType "swiss"]
[EventRounds "11"]
[EventCountry "IND"]
[SourceTitle "CB47_2024"]
[SourceDate "2024.11.20"]
[SourceVersion "1"]
[SourceVersionDate "2024.11.20"]
[SourceQuality "1"]

1. d4 e6 2. e4 d5 3. exd5 exd5 4. c4 Nf6 5. Nc3 Bb4 6. Nf3 0-0 7. Be2 dxc4 8. Bxc4 Qe7+ 9. Qe2 Qxe2+ 10. Kxe2 Nc6 11. Be3 Re8 12. h3 Na5 13. Bd3 Be6 14. Nb5 Nd5 15. a3 Bf8 16. Ng5 Bd7 17. Kf1 h6 18. Nf3 Nxe3+ 19. fxe3 Rxe3 20. Ne5 Nb3 21. Re1 Rxd3 22. Nxd7 c6 23. Nxf8 Kxf8 24. Nc3 Nxd4 25. Kg1 Rd2 26. b4 Rd8 27. Ne4 Rc2 28. Rf1 Re8 29. Nd6 Ree2 30. Rh2 Re7 31. Rh1 f6 32. Kh2 Ree2 33. Rhg1 Re3 34. Nf5 Nxf5 35. Rxf5 Rxa3 36. Rh1 0-1

[Event "IND-ch U11 37th"]
[Site "Hyderabad"]
[Date "2024.10.04"]
[Round "1"]
[White "Devaansh, Lella"]
[Black "Madhvendra, Pratap Sharma"]
[Result "0-1"]
[WhiteElo "1470"]
[BlackElo "2154"]
[PlyCount "50"]
[EventDate "2024.10.04"]
[EventType "swiss"]
[EventRounds "11"]
[EventCountry "IND"]
[SourceTitle "CB47_2024"]
[SourceDate "2024.11.20"]
[SourceVersion "1"]
[SourceVersionDate "2024.11.20"]
[SourceQuality "1"]

1. e4 c5 2. Nf3 Nc6 3. d4 cxd4 4. Nxd4 g6 5. c3 Bg7 6. f4 d6 7. Bb5 Bd7 8. 0-0 Qb6 9. Bxc6 Bxc6 10. Kh1 Bxe4 11. Re1 Nf6 12. Nd2 Bd5 13. f5 Qc7 14. h3 0-0 15. N2f3 Qd7 16. g4 e5 17. fxe6 fxe6 18. Kh2 e5 19. Nc2 Nxg4+ 20. hxg4 Bxf3 21. Qd2 Qxg4 22. Ne3 Qh4+ 23. Kg1 Qg3+ 24. Kf1 Be4+ 25. Ke2 Qf3# 0-1

[Event "Titled Tuesday intern op 17th Sep Early"]
[Site "Chess,com INT"]
[Date "2024.09.17"]
[Round "3"]
[White "Bardyk, Artem"]
[Black "Madhvendra, Pratap Sharma"]
[Result "1-0"]
[WhiteElo "2278"]
[BlackElo "2061"]
[PlyCount "119"]
[EventDate "2024.09.17"]
[EventType "swiss (blitz)"]
[EventRounds "11"]
[EventCountry "USA"]
[SourceTitle "EXT 2025"]
[Source "ChessBase"]
[SourceDate "2024.10.14"]
[SourceVersion "1"]
[SourceVersionDate "2024.10.14"]
[SourceQuality "1"]

1. e4 g6 2. d4 Bg7 3. Nc3 d5 4. Nxd5 c6 5. Ne3 Qxd4 6. Qxd4 Bxd4 7. Nf3 Bg7 8. c3 Nf6 9. Nd2 Nbd7 10. f3 0-0 11. Nb3 Rd8 12. a4 Ne5 13. Nc4 Be6 14. Nba5 Nd3+ 15. Bxd3 Rxd3 16. Ne5 Rdd8 17. Nxb7 Rdc8 18. Nc5 Nxe4 19. Nxe6 Bxe5 20. fxe4 fxe6 21. Kd1 Rf8 22. Be3 Bf4 23. Bd4 Bc7 24. Kc2 Rf4 25. Rae1 Bb6 26. Rhf1 Raf8 27. Rxf4 Rxf4 28. Bxb6 axb6 29. Kd3 Kf8 30. Ke3 Rf7 31. b4 Ke8 32. Rd1 e5 33. a5 bxa5 34. bxa5 c5 35. Rb1 Rf6 36. Kd3 Ra6 37. Rb5 Kd7 38. Rxc5 Kd6 39. Rd5+ Ke6 40. Kc4 Ra8 41. Kb5 Rb8+ 42. Kc6 Rc8+ 43. Kb7 Rxc3 44. a6 Rb3+ 45. Kc6 Ra3 46. Kb6 Rb3+ 47. Rb5 Ra3 48. a7 Kd6 49. Ra5 Rb3+ 50. Ka6 Kc7 51. a8Q Rb6+ 52. Ka7 Rc6 53. Qb7+ Kd6 54. Rd5+ Ke6 55. Qxc6+ Kf7 56. Rxe5 Kg7 57. Rxe7+ Kh6 58. Qc1+ Kh5 59. Re5+ Kg4 60. Qg5# 1-0

[Event "Titled Tuesday intern op 17th Sep Early"]
[Site "Chess,com INT"]
[Date "2024.09.17"]
[Round "6"]
[White "Vasli, Aref"]
[Black "Madhvendra, Pratap Sharma"]
[Result "1-0"]
[WhiteElo "2395"]
[BlackElo "2061"]
[PlyCount "91"]
[EventDate "2024.09.17"]
[EventType "swiss (blitz)"]
[EventRounds "11"]
[EventCountry "USA"]
[SourceTitle "EXT 2025"]
[Source "ChessBase"]
[SourceDate "2024.10.14"]
[SourceVersion "1"]
[SourceVersionDate "2024.10.14"]
[SourceQuality "1"]

1. e4 g6 2. d4 Bg7 3. h4 d6 4. h5 Nd7 5. c3 Ngf6 6. h6 Bf8 7. Qc2 e5 8. Bg5 Be7 9. Nd2 0-0 10. 0-0-0 a5 11. Ngf3 c6 12. dxe5 dxe5 13. Nc4 Qc7 14. Ne3 Nc5 15. Rh4 Be6 16. Bc4 Rad8 17. Rxd8 Rxd8 18. Nd2 Rxd2 19. Kxd2 Nfxe4+ 20. Rxe4 Bxg5 21. Bxe6 Nxe4+ 22. Qxe4 Qd6+ 23. Kc2 Qxe6 24. Nc4 Bxh6 25. Nxa5 Qxa2 26. Nxb7 Qa6 27. Nc5 Qf1 28. Nd3 Bg7 29. g4 c5 30. Kb3 Qd1+ 31. Ka2 Qf1 32. Nxc5 Qxf2 33. Nd3 Qa7+ 34. Kb1 Qd7 35. b4 f5 36. gxf5 gxf5 37. Qc4+ Kf8 38. Kc2 Bf6 39. Nc5 Qd6 40. b5 e4 41. b6 e3 42. b7 Be5 43. b8Q+ Qxb8 44. Nd7+ Ke7 45. Nxb8 Bxb8 46. Qc5+ 1-0